Los vascos en Madrid a través de los sainetes del siglo XVIII (Registro nro. 172277)

Detalles MARC
000 -LEADER
campo de control de longitud fija 01467nam a22002775i 4500
001 - NÚMERO DE CONTROL
campo de control 172277
003 - IDENTIFICADOR DE NÚMERO DE CONTROL
campo de control ES-MaACL
005 - FECHA Y HORA DE LA ÚLTIMA TRANSACCIÓN
campo de control 20251008063058.0
008 - DATOS DE LONGITUD FIJA--INFORMACIÓN GENERAL
campo de control de longitud fija 090623s2008 sp |||| | spa d
020 ## - NÚMERO INTERNACIONAL ESTÁNDAR DEL LIBRO
Número Internacional Estándar del Libro 978-84-89318-10-6
080 ## - NÚMERO DE LA CLASIFICACIÓN DECIMAL UNIVERSAL
Número de la Clasificación Decimal Universal 94(=361:460.27 M.)(0:82)
080 ## - NÚMERO DE LA CLASIFICACIÓN DECIMAL UNIVERSAL
Número de la Clasificación Decimal Universal 821.134.2-223.09(460.27 M.)"17"
100 1# - ENTRADA PRINCIPAL--NOMBRE DE PERSONA
Nombre de persona González Echegaray, Carlos,
Fechas asociadas al nombre 1921-2013
9 (RLIN) 58608
245 14 - MENCIÓN DEL TÍTULO
Título Los vascos en Madrid a través de los sainetes del siglo XVIII
Resto del título : lección de ingreso como amigo de número (1964) leída, 44 años después, el 16 de febrero de 2008 /
Mención de responsabilidad, etc. Carlos González Echegaray ; y palabras de recepción, Pablo Beltrán de Heredia.
260 ## - PUBLICACIÓN, DISTRIBUCIÓN, ETC.
Lugar de publicación, distribución, etc. Madrid :
Nombre del editor, distribuidor, etc. Delegación en Corte de la R.S.B.A.P., Departamento de Publicaciones,
Fecha de publicación, distribución, etc. 2008.
300 ## - DESCRIPCIÓN FÍSICA
Extensión 46 p. ;
Dimensiones 21 cm.
490 1# - MENCIÓN DE SERIE
Mención de serie Colección "Lecciones de ingreso" =
-- Sarrera Hitzaldiak Bilduma
594 ## - Nota al título y mención de responsabilidad
Nota al título y mención de responsabilidad Precede al título: Delegación en Corte, Real Sociedad Bascongada de los Amigos del País = Gorteko Ordezkaritza, Euskalerriaren Adiskideen Elkartea.
650 14 - PUNTO DE ACCESO ADICIONAL DE MATERIA--TÉRMINO DE MATERIA
Término de materia o nombre geográfico como elemento de entrada Vascos-
Subdivisión general En la literatura.
9 (RLIN) 201509
650 #4 - PUNTO DE ACCESO ADICIONAL DE MATERIA--TÉRMINO DE MATERIA
Término de materia o nombre geográfico como elemento de entrada Sainete español-
Subdivisión geográfica Madrid-
Subdivisión general Historia y crítica.
9 (RLIN) 140824
700 1# - ENTRADA AGREGADA--NOMBRE PERSONAL
Nombre de persona Beltrán de Heredia, Pablo.
9 (RLIN) 27358
710 2# - ENTRADA AGREGADA--NOMBRE DE ENTIDAD CORPORATIVA
Nombre de entidad corporativa o nombre de jurisdicción como elemento de entrada Real Sociedad Bascongada de los Amigos del País.
Unidad subordinada Delegación en Corte
9 (RLIN) 6371
830 0# - PUNTO DE ACCESO ADICIONAL DE SERIE-TÍTULO UNIFORME
Título uniforme Colección Lecciones de ingreso =
-- Sarrera Hitzaldiak Bilduma
9 (RLIN) 223281
852 ## - LOCALIZACIÓN
Ubicación ES-MaACL
Número de control de estantería 2251-F-11
itemnumber R.143589
Existencias
Estatus retirado Estado de pérdida Estado de daño No para préstamo Colección Biblioteca de origen Biblioteca actual Ubicación en estantería Fecha de adquisición Fuente de adquisición Total de préstamos Signatura topográfica completa Código de barras Visto por última vez Precio de reemplazo Tipo de ítem Koha
        Colección de folletos Biblioteca del Ateneo de Madrid Biblioteca del Ateneo de Madrid Depósito folletos 23/06/2009     2251-F-11 1180793 23/02/2023 23/02/2023 Folleto